| 000 | 00594nam a2200193Ia 4500 | ||
|---|---|---|---|
| 005 | 20250508155254.0 | ||
| 008 | 008 250505s9999 xx 000 0 hin d | ||
| 037 | _aTextual | ||
| 040 |
_aFEDL _beng _cFEDL |
||
| 041 |
_ahin _2hin |
||
| 084 |
_a891.433, NCE _qFEDL |
||
| 100 |
_aJainendra Kumar Ed. _9766819 |
||
| 245 | 0 | _aKahani-sankalan: Navi kaksha ke liye | |
| 245 | 0 | _cNCERT (New Delhi India) | |
| 260 |
_aNew Delhi, India _bNational Council of Educational Research and Training _c1968 |
||
| 300 | _a130p | ||
| 942 |
_cTEXL _h891.433, NCE |
||
| 999 |
_c1355743 _d1355743 |
||